000 00300nam a22001337a 4500
008 170922b xxu||||| |||| 00| 0 eng d
020 _a9780312053673
041 _aeng
080 _22ND
_a37
100 _a46
101 _aEDU
245 _aTHE ST. MARTING'S HANDBOOK
_cLUNSFORD,A
942 _2udc
_cBK
999 _c29165
_d29165